| 000 | 01568nam0a22003251 4500 | ||
|---|---|---|---|
| 001 | rc\2134094 | ||
| 005 | 20110829172742.0 | ||
| 035 | _a(NLR Aleph) 006629107 | ||
| 090 |
_a7531132 _c7531132 |
||
| 100 | _a20110829d1978 |||y0rusy50 ca | ||
| 101 | 0 | _arus | |
| 102 | _aRU | ||
| 105 | _aa z ||||| | ||
| 200 | 1 |
_aСовременное состояние производства окиси магния за рубежом _fСост. Г.А. Домрачевой, И.Г. Люткевич, Л.Е. Сологубенко |
|
| 210 |
_aМосква _cНИИТЭхим _d1978 |
||
| 215 |
_a39 с. _cил. _d20 |
||
| 225 | 1 |
_aОбзорная информация _fНИИ техн.-экон. исслед. (НИИТЭхим.) _iСерия "Йодобромная промышленность" |
|
| 300 | _aВ надзаг. также: ВНИИ иодобром. пром-сти (ВНИИ иодобром) | ||
| 320 | _aБиблиогр.: с. 28-31 | ||
| 700 | 1 |
_aДомрачева _bГ. А. _gГалина Анатольевна |
|
| 701 | 1 |
_aЛюткевич _bИ. Г. _gИраида Гавриловна |
|
| 701 | 1 |
_aСологубенко _bЛ. Е. _gЛидия Ефимовна |
|
| 712 | 0 | 2 |
_aНИИ технико-экономических исследований Министерства химической промышленности СССР _3RU\NLR\AUTH\8813349 |
| 801 | 0 |
_aRU _bNLR _gpsbo |
|
| 801 | 1 |
_aRU _bELAR _2rusmarc |
|
| 852 |
_aNLR _j79-4/18108 |
||
| 899 |
_aRuMoRGB _jB 79-30/1697 |
||
| 899 |
_aRuMoRGB _jB 79-30/1698 |
||
| 942 | _cBOOK | ||
| 980 | _aNB | ||